[Event "FRA-chT Top 12 (Women) GpB"]
[Site "Paris"]
[Date "2025.05.10"]
[Round "4.6"]
[White "Cornileau, Juliette"]
[Black "Vega Gutierrez, Sabrina Neide"]
[Result "0-1"]
[WhiteElo "2076"]
[BlackElo "2382"]
[PlyCount "120"]
[EventDate "2025.05.08"]
[EventType "team-tourn"]
[EventRounds "5"]
[EventCountry "FRA"]
[SourceTitle "CB20_2025"]
[SourceDate "2025.05.14"]
[SourceVersion "1"]
[SourceVersionDate "2025.05.14"]
[SourceQuality "1"]
[WhiteTeam "Marseille (W)"]
[BlackTeam "Mulhouse Philidor (W)"]
[WhiteTeamCountry "FRA"]
[BlackTeamCountry "FRA"]

1. e4 c5 2. Nf3 Nc6 3. d4 cxd4 4. Nxd4 Nf6 5. Nc3 e5 6. Ndb5 d6 7. Bg5 a6 8. Na3 b5 9. Nd5 Be7 10. Bxf6 Bxf6 11. c3 Ne7 12. Nxe7 Bxe7 13. Nc2 Bb7 14. Bd3 d5 15. Qg4 0-0 16. Rd1 g6 17. 0-0 Qb6 18. Ne3 h5 19. Qd7 dxe4 20. Qxe7 Rfe8 21. Qg5 exd3 22. Rxd3 Qe6 23. Rfd1 Qxa2 24. Rd7 Bc6 25. R7d6 Re6 26. h4 Rae8 27. Nf5 Qc4 28. Rd8 Qc5 29. Rxe8+ Bxe8 30. Rd8 Qf8 31. b4 Kh7 32. Ne3 f6 33. Qg3 Qe7 34. Rd1 Bc6 35. f3 Rd6 36. Qe1 Qd8 37. Rxd6 Qxd6 38. Qd1 Qxd1+ 39. Nxd1 Kg7 40. Kf2 Kf7 41. Nb2 Ke6 42. Ke3 Kd5 43. Kd2 Bd7 44. Nd3 Bf5 45. Nf2 e4 46. Nd1 exf3 47. gxf3 g5 48. hxg5 fxg5 49. Ke3 Kc4 50. Kd2 Bg6 51. Ne3+ Kb3 52. Nf1 h4 53. Nh2 Bf5 54. Nf1 Bh3 55. Nh2 Kc4 56. Kc2 Kd5 57. Kd3 Ke5 58. Ke3 Kf5 59. f4 g4 60. Kd4 Kxf4 0-1

[Event "EU-ch (Women) 25th"]
[Site "Rhodes"]
[Date "2025.04.09"]
[Round "9"]
[White "Vega Gutierrez, Sabrina Neide"]
[Black "Sieber, Fiona"]
[Result "1/2-1/2"]
[WhiteElo "2380"]
[BlackElo "2251"]
[PlyCount "93"]
[EventDate "2025.03.31"]
[EventType "swiss"]
[EventRounds "11"]
[EventCountry "GRE"]
[SourceTitle "CB16_2025"]
[SourceDate "2025.04.16"]
[SourceVersion "1"]
[SourceVersionDate "2025.04.16"]
[SourceQuality "1"]

1. e4 c5 2. Nf3 Nc6 3. d4 cxd4 4. Nxd4 Nf6 5. Nc3 e6 6. a3 d6 7. Be3 Be7 8. h3 0-0 9. g4 d5 10. Bg2 Bd7 11. exd5 Nxd5 12. Nxd5 exd5 13. 0-0 Nxd4 14. Bxd4 Bd6 15. Bc3 Qg5 16. Qd4 Rac8 17. Rad1 Bb5 18. Rfe1 Rfd8 19. f4 Bxf4 20. Qxa7 d4 21. Bxd4 Rxc2 22. Qxb7 h5 23. Qe4 Ba4 24. Bf6 Be3+ 25. Kh1 Qxf6 26. Rxd8+ Qxd8 27. Qxa4 Rxg2 28. Rxe3 Qd5 29. Qb3 Qd2 30. Re8+ Kh7 31. Qb8 hxg4 32. Qe5 gxh3 33. Qh5+ Qh6 34. Qf5+ g6 35. Qc8 Rh2+ 36. Kxh2 Qf4+ 37. Kxh3 Qf3+ 38. Kh2 Qf2+ 39. Kh1 Qf1+ 40. Kh2 Qf2+ 41. Kh3 Qf3+ 42. Kh4 Qf4+ 43. Qg4 Qh2+ 44. Qh3 Qf4+ 45. Qg4 Qh2+ 46. Qh3 Qf4+ 47. Qg4 1/2-1/2

[Event "EU-ch (Women) 25th"]
[Site "Rhodes"]
[Date "2025.04.05"]
[Round "6"]
[White "Zimina, Olga"]
[Black "Vega Gutierrez, Sabrina Neide"]
[Result "1/2-1/2"]
[WhiteElo "2292"]
[BlackElo "2380"]
[PlyCount "77"]
[EventDate "2025.03.31"]
[EventType "swiss"]
[EventRounds "11"]
[EventCountry "GRE"]
[SourceTitle "CB16_2025"]
[SourceDate "2025.04.16"]
[SourceVersion "1"]
[SourceVersionDate "2025.04.16"]
[SourceQuality "1"]

1. d4 d5 2. Bf4 c5 3. e3 Nc6 4. Nf3 cxd4 5. exd4 Bg4 6. Nbd2 e6 7. c3 Bd6 8. Bxd6 Qxd6 9. Bd3 Nge7 10. 0-0 Bf5 11. Ne1 g5 12. b4 h5 13. b5 Na5 14. Qa4 b6 15. Nb3 Bxd3 16. Nxd3 Nc4 17. Rae1 Qa3 18. Qa6 Nf5 19. Nb4 0-0 20. Re2 Rfc8 21. h3 Kg7 22. g4 hxg4 23. hxg4 Nfd6 24. f4 Rh8 25. f5 Qxa6 26. Nxa6 Rh4 27. fxe6 Rxg4+ 28. Kf2 Ne4+ 29. Ke1 fxe6 30. Nc7 Rc8 31. Nxe6+ Kg8 32. Rh2 Rg3 33. Rh6 Re3+ 34. Kd1 Nxc3+ 35. Kc2 Na3+ 36. Kd2 Nc4+ 37. Kc2 Na3+ 38. Kd2 Nc4+ 39. Kc2 1/2-1/2

[Event "EU-ch (Women) 25th"]
[Site "Rhodes"]
[Date "2025.04.03"]
[Round "4"]
[White "Pavlidou, Ekaterini"]
[Black "Vega Gutierrez, Sabrina Neide"]
[Result "0-1"]
[WhiteElo "2175"]
[BlackElo "2380"]
[PlyCount "74"]
[EventDate "2025.03.31"]
[EventType "swiss"]
[EventRounds "11"]
[EventCountry "GRE"]
[SourceTitle "CB16_2025"]
[SourceDate "2025.04.16"]
[SourceVersion "1"]
[SourceVersionDate "2025.04.16"]
[SourceQuality "1"]

1. d4 d5 2. c4 e6 3. Nf3 a6 4. cxd5 exd5 5. Nc3 h6 6. Bf4 Be6 7. e3 Bd6 8. Bd3 Bxf4 9. exf4 Ne7 10. Qc2 g6 11. h3 Qd6 12. Qd2 Nd7 13. Rc1 f6 14. Ne2 0-0-0 15. 0-0 g5 16. Rc3 Kb8 17. Rfc1 Rc8 18. Nh2 Rhg8 19. fxg5 hxg5 20. Re1 f5 21. Nc1 g4 22. hxg4 fxg4 23. Qe2 Rh8 24. Nf1 Rh6 25. Ng3 Rch8 26. Qe3 Nf8 27. Nb3 Nc6 28. Nc5 Bc8 29. Rb3 Ka7 30. Bf5 Bxf5 31. Rxb7+ Ka8 32. Qa3 Nd8 33. Re8 Bc8 34. Rxd8 Qxd8 35. Nxa6 Bxb7 36. Nxc7+ Kb8 37. Nb5 Qb6 0-1

[Event "EU-ch (Women) 25th"]
[Site "Rhodes"]
[Date "2025.04.02"]
[Round "3"]
[White "Vega Gutierrez, Sabrina Neide"]
[Black "Calzetta Ruiz, Monica"]
[Result "0-1"]
[WhiteElo "2380"]
[BlackElo "2224"]
[PlyCount "138"]
[EventDate "2025.03.31"]
[EventType "swiss"]
[EventRounds "11"]
[EventCountry "GRE"]
[SourceTitle "CB16_2025"]
[SourceDate "2025.04.16"]
[SourceVersion "1"]
[SourceVersionDate "2025.04.16"]
[SourceQuality "1"]

1. e4 c5 2. Nf3 d6 3. d4 cxd4 4. Nxd4 Nf6 5. Nc3 g6 6. Be3 Nc6 7. f3 Bg7 8. Qd2 0-0 9. g4 Be6 10. Nxe6 fxe6 11. 0-0-0 Qc8 12. Be2 Ne5 13. Bd4 Nc6 14. Bg1 a6 15. h4 b5 16. h5 Ne5 17. hxg6 hxg6 18. Qg5 b4 19. Na4 Qc6 20. b3 Rac8 21. Rd2 Nxe4 22. fxe4 Qxe4 23. Qh4 g5 24. Qh3 Rf6 25. Rh2 Nf3 26. Qg3 Nxd2 27. Bd3 Nf1 28. Bxe4 Nxg3 29. Bd3 Rf4 30. Rg2 Nf1 31. Kd1 Rcf8 32. Ke1 a5 33. Bb6 d5 34. Ke2 Bd4 35. Bxd4 Rxd4 36. Nc5 Rf6 37. Nd7 Rff4 38. Ne5 Rde4+ 39. Bxe4 Rxe4+ 40. Kxf1 Rxe5 41. Kf2 Re4 42. Kf3 Rf4+ 43. Kg3 Kg7 44. Rh2 Re4 45. Kf3 Re1 46. Rh5 Re5 47. Kf2 d4 48. Kf1 Kg6 49. Rh8 Re4 50. Rg8+ Kf6 51. Ra8 Re5 52. Rf8+ Kg7 53. Rc8 Rd5 54. Ke2 Kf6 55. Rg8 Rc5 56. Kd3 Rc3+ 57. Kd2 Rg3 58. Ra8 Rxg4 59. Rxa5 Rg2+ 60. Kd3 g4 61. a3 bxa3 62. Rxa3 e5 63. Ra1 Rg3+ 64. Ke4 Re3+ 65. Kd5 e6+ 66. Kd6 d3 67. c4 d2 68. Rd1 Rd3+ 69. Kc5 e4 0-1

[Event "ESP-ch 89th"]
[Site "Marbella"]
[Date "2024.12.17"]
[Round "7"]
[White "Vega Gutierrez, Sabrina Neide"]
[Black "Perez Candelario, Manuel"]
[Result "1/2-1/2"]
[WhiteElo "2385"]
[BlackElo "2576"]
[PlyCount "41"]
[EventDate "2024.12.11"]
[EventType "swiss"]
[EventRounds "9"]
[EventCountry "ESP"]
[SourceTitle "CB52_2024"]
[SourceDate "2024.12.25"]
[SourceVersion "1"]
[SourceVersionDate "2024.12.25"]
[SourceQuality "1"]

1. e4 c5 2. Nf3 e6 3. d4 cxd4 4. Nxd4 Nc6 5. Nc3 Qc7 6. Be3 a6 7. f4 b5 8. a3 Bb7 9. Qd2 Nf6 10. Bd3 Ng4 11. Bg1 Nxd4 12. Bxd4 Bc5 13. Be2 Bxd4 14. Qxd4 Qxf4 15. Qxg7 Qf2+ 16. Kd2 Qe3+ 17. Ke1 Qf2+ 18. Kd2 Qf4+ 19. Ke1 Qf2+ 20. Kd2 Qe3+ 21. Ke1 1/2-1/2

[Event "ESP-ch 89th"]
[Site "Marbella"]
[Date "2024.12.15"]
[Round "5"]
[White "Vega Gutierrez, Sabrina Neide"]
[Black "Santos Martinez, Guillermo"]
[Result "1-0"]
[WhiteElo "2385"]
[BlackElo "2072"]
[PlyCount "55"]
[EventDate "2024.12.11"]
[EventType "swiss"]
[EventRounds "9"]
[EventCountry "ESP"]
[SourceTitle "CB52_2024"]
[SourceDate "2024.12.25"]
[SourceVersion "1"]
[SourceVersionDate "2024.12.25"]
[SourceQuality "1"]

1. e4 c6 2. d4 d5 3. e5 c5 4. dxc5 e6 5. Bd3 Nc6 6. Nf3 Bxc5 7. 0-0 f6 8. Qe2 fxe5 9. Nxe5 Nxe5 10. Qxe5 Nf6 11. Bb5+ Kf7 12. Bf4 Qb6 13. Qe2 a6 14. Bd3 e5 15. Bxe5 Re8 16. Kh1 Bg4 17. f3 Bh5 18. Qe1 Bd6 19. f4 Bxe5 20. fxe5 Qxb2 21. Nc3 Rac8 22. Rb1 Qxc3 23. Rxb7+ Kg8 24. Qxc3 Rxc3 25. exf6 gxf6 26. Bxh7+ Kh8 27. h3 Rc6 28. g4 1-0

[Event "ESP-ch 89th"]
[Site "Marbella"]
[Date "2024.12.12"]
[Round "2"]
[White "Anton Guijarro, David"]
[Black "Vega Gutierrez, Sabrina Neide"]
[Result "1-0"]
[WhiteElo "2673"]
[BlackElo "2385"]
[PlyCount "107"]
[EventDate "2024.12.11"]
[EventType "swiss"]
[EventRounds "9"]
[EventCountry "ESP"]
[SourceTitle "CB52_2024"]
[SourceDate "2024.12.25"]
[SourceVersion "1"]
[SourceVersionDate "2024.12.25"]
[SourceQuality "1"]

1. e4 c5 2. Nf3 Nc6 3. Bb5 g6 4. Bxc6 bxc6 5. 0-0 Bg7 6. Re1 Qc7 7. d3 Rb8 8. e5 Nh6 9. Bf4 0-0 10. c3 d6 11. exd6 exd6 12. Nbd2 f6 13. h3 Nf7 14. Nb3 Qb6 15. d4 cxd4 16. cxd4 Ba6 17. Rc1 Rbe8 18. Qc2 Bb5 19. Nbd2 Rxe1+ 20. Rxe1 Qa6 21. Ne4 Bd3 22. Qb3 Bc4 23. Qb4 Bd5 24. Bxd6 Nxd6 25. Qxd6 Qxa2 26. Nc3 Qxb2 27. Nxd5 cxd5 28. Qxd5+ Kh8 29. h4 Qb8 30. h5 Re8 31. Ra1 Qb2 32. Rf1 gxh5 33. Qxh5 Rd8 34. Re1 Qb4 35. Ra1 Qb2 36. Qa5 Rc8 37. Re1 Qb6 38. Qf5 Rd8 39. Ra1 Qc7 40. g3 Qd7 41. Qc5 Qb7 42. Kg2 a6 43. Qf5 h6 44. Re1 Qb5 45. Qg6 Qd5 46. Re7 Rg8 47. Rc7 a5 48. Rc5 Qa8 49. Qf5 a4 50. Ra5 Qc6 51. d5 Qc4 52. Qd7 f5 53. Rxa4 Qd3 54. Rf4 1-0

[Event "ESP-chT CECLUB Honor"]
[Site "Melilla"]
[Date "2024.10.15"]
[Round "4.12"]
[White "Tejedor Fuente, Enrique"]
[Black "Vega Gutierrez, Sabrina Neide"]
[Result "0-1"]
[WhiteElo "2400"]
[BlackElo "2392"]
[PlyCount "56"]
[EventDate "2024.10.12"]
[EventType "team-tourn"]
[EventRounds "7"]
[EventCountry "ESP"]
[SourceTitle "CB43_2024"]
[Source "Chessbase"]
[SourceDate "2024.10.23"]
[SourceVersion "1"]
[SourceVersionDate "2024.10.23"]
[SourceQuality "1"]
[WhiteTeam "Solvay"]
[BlackTeam "Casablanca MyInvestor"]
[WhiteTeamCountry "ESP"]
[BlackTeamCountry "ESP"]

1. e4 c5 2. Nf3 Nc6 3. d4 cxd4 4. Nxd4 Nf6 5. Nc3 e5 6. Ndb5 d6 7. Bg5 a6 8. Bxf6 gxf6 9. Na3 b5 10. Nd5 Bg7 11. g3 Ne7 12. Bg2 Nxd5 13. Qxd5 Be6 14. Qd2 h5 15. h4 Bh6 16. Qb4 Rb8 17. 0-0 a5 18. Qe1 b4 19. Nb1 d5 20. exd5 Bxd5 21. Qe2 Bxg2 22. Kxg2 Qd4 23. c3 Qg4 24. Qa6 Rg8 25. Qc6+ Ke7 26. Qc5+ Ke6 27. Qxa5 Qe2 28. Kh2 Rxg3 0-1

[Event "Iberoamerican-ch 10th"]
[Site "Linares"]
[Date "2024.09.27"]
[Round "5"]
[White "Rodriguez Lopez, Rafael"]
[Black "Vega Gutierrez, Sabrina Neide"]
[Result "1/2-1/2"]
[WhiteElo "2162"]
[BlackElo "2374"]
[PlyCount "77"]
[EventDate "2024.09.25"]
[EventType "swiss"]
[EventRounds "9"]
[EventCountry "ESP"]
[SourceTitle "EXT 2025"]
[Source "ChessBase"]
[SourceDate "2024.10.14"]
[SourceVersion "1"]
[SourceVersionDate "2024.10.14"]
[SourceQuality "1"]

1. Nf3 c5 2. c4 g6 3. e4 Nc6 4. d4 cxd4 5. Nxd4 Nf6 6. Nc3 d6 7. Nc2 Bg7 8. Be2 0-0 9. 0-0 a6 10. f3 Rb8 11. Kh1 Nd7 12. Bd2 Nc5 13. b4 Ne6 14. Rb1 Ncd4 15. Nxd4 Nxd4 16. Bd3 Be6 17. Nd5 b5 18. Bg5 Re8 19. f4 Bxd5 20. cxd5 Rc8 21. Qd2 h6 22. Bh4 Qd7 23. Bf2 e6 24. dxe6 Qxe6 25. Rbc1 Rxc1 26. Rxc1 Rc8 27. Rxc8+ Qxc8 28. h3 Qc6 29. f5 gxf5 30. exf5 Qd5 31. f6 Bxf6 32. Qxh6 Nf5 33. Qxf6 Qxd3 34. Qg5+ Kh7 35. Kh2 Qe4 36. Qh5+ Kg7 37. Qg5+ Kh7 38. Qh5+ Kg7 39. Qg5+ 1/2-1/2

[Event "Iberoamerican-ch 10th"]
[Site "Linares"]
[Date "2024.09.27"]
[Round "4"]
[White "Vega Gutierrez, Sabrina Neide"]
[Black "Vehi Bach, Victor Manuel"]
[Result "1-0"]
[WhiteElo "2374"]
[BlackElo "2191"]
[PlyCount "63"]
[EventDate "2024.09.25"]
[EventType "swiss"]
[EventRounds "9"]
[EventCountry "ESP"]
[SourceTitle "EXT 2025"]
[Source "ChessBase"]
[SourceDate "2024.10.14"]
[SourceVersion "1"]
[SourceVersionDate "2024.10.14"]
[SourceQuality "1"]

1. e4 c5 2. Nf3 e6 3. d4 cxd4 4. Nxd4 a6 5. Qf3 Nf6 6. Nc3 d6 7. g4 Qc7 8. Bg2 Nfd7 9. Qg3 Be7 10. g5 Ne5 11. f4 Nec6 12. Nde2 b5 13. 0-0 b4 14. Nd5 exd5 15. exd5 Bf5 16. dxc6 Nxc6 17. Qf3 Rc8 18. Qxc6+ Qxc6 19. Bxc6+ Rxc6 20. Nd4 Rc5 21. a3 bxa3 22. b4 Rd5 23. Be3 0-0 24. c4 Rxd4 25. Bxd4 Rc8 26. Rfc1 Bd3 27. c5 dxc5 28. Rxa3 Bb5 29. bxc5 f6 30. gxf6 gxf6 31. Kf2 Kf7 32. Rh3 1-0

[Event "Iberoamerican-ch 10th"]
[Site "Linares"]
[Date "2024.09.25"]
[Round "1"]
[White "Gavarrete, Joel"]
[Black "Vega Gutierrez, Sabrina Neide"]
[Result "0-1"]
[WhiteElo "2059"]
[BlackElo "2374"]
[PlyCount "62"]
[EventDate "2024.09.25"]
[EventType "swiss"]
[EventRounds "9"]
[EventCountry "ESP"]
[SourceTitle "EXT 2025"]
[Source "ChessBase"]
[SourceDate "2024.10.14"]
[SourceVersion "1"]
[SourceVersionDate "2024.10.14"]
[SourceQuality "1"]

1. Nf3 d5 2. b3 Nf6 3. Bb2 Bf5 4. e3 e6 5. Be2 h6 6. 0-0 Bd6 7. c4 Nbd7 8. d3 0-0 9. Nbd2 Bh7 10. a3 a5 11. Qc2 Qe7 12. Rfe1 c6 13. Qc3 e5 14. d4 e4 15. Ne5 Bf5 16. f4 exf3 17. gxf3 Rfe8 18. f4 Nf8 19. Bf3 Ne4 20. Nxe4 dxe4 21. Bg4 Bxg4 22. Nxg4 Qh4 23. Nf2 Re6 24. Kf1 Qxh2 25. Ke2 Bxf4 26. Rg1 Bg3 27. Raf1 Bxf2 28. Rxg7+ Kxg7 29. d5+ f6 30. Rxf2 Qh5+ 31. Kd2 Re5 0-1

[Event "Olympiad Women-45"]
[Site "Budapest"]
[Date "2024.09.21"]
[Round "10.2"]
[White "Mkrtchyan, Mariam"]
[Black "Vega Gutierrez, Sabrina Neide"]
[Result "0-1"]
[WhiteElo "2328"]
[BlackElo "2374"]
[PlyCount "110"]
[EventDate "2024.09.11"]
[EventType "team-swiss"]
[EventRounds "11"]
[EventCountry "HUN"]
[SourceTitle "EXT 2025"]
[Source "ChessBase"]
[SourceDate "2024.10.14"]
[SourceVersion "1"]
[SourceVersionDate "2024.10.14"]
[SourceQuality "1"]
[WhiteTeam "Armenia (W)"]
[BlackTeam "Spain (W)"]
[WhiteTeamCountry "ARM"]
[BlackTeamCountry "ESP"]

1. d4 d5 2. c4 c5 3. cxd5 Nf6 4. dxc5 Qxd5 5. Qxd5 Nxd5 6. a3 e6 7. e4 Nf6 8. Nc3 Bxc5 9. Bf4 Nc6 10. Nf3 e5 11. Nxe5 Nxe5 12. Bxe5 Bxf2+ 13. Ke2 Bc5 14. Kf3 Bg4+ 15. Kf4 Be6 16. Be2 Nd7 17. Bc7 Rc8 18. Nb5 0-0 19. b4 Rxc7 20. bxc5 Rxc5 21. Nxa7 f5 22. Rac1 Re5 23. Rhd1 Rxe4+ 24. Kf3 Ne5+ 25. Kf2 Ng4+ 26. Bxg4 fxg4+ 27. Kg1 Re2 28. Re1 Rff2 29. Rxe2 Rxe2 30. Rc3 Bd5 31. Rg3 h5 32. Nb5 Rd2 33. Nc3 Bc6 34. h3 Kf7 35. Kf1 g5 36. a4 Kg6 37. Kg1 Rc2 38. Nb5 gxh3 39. gxh3 Bxb5 40. axb5 Rb2 41. Rc3 Rxb5 42. Kg2 Rf5 43. Rc7 b5 44. Re7 h4 45. Re8 Kf6 46. Kg1 Re5 47. Rb8 Kf5 48. Kf2 Ke4 49. Ke2 Kd4+ 50. Kd2 Kc4 51. Kc2 Re2+ 52. Kc1 g4 53. Kd1 Ra2 54. Rh8 g3 55. Rxh4+ Kd3 0-1

[Event "Olympiad Women-45"]
[Site "Budapest"]
[Date "2024.09.16"]
[Round "6.9"]
[White "Vega Gutierrez, Sabrina Neide"]
[Black "Campos, Maria Jose"]
[Result "1-0"]
[WhiteElo "2374"]
[BlackElo "2252"]
[PlyCount "55"]
[EventDate "2024.09.11"]
[EventType "team-swiss"]
[EventRounds "11"]
[EventCountry "HUN"]
[SourceTitle "EXT 2025"]
[Source "ChessBase"]
[SourceDate "2024.10.14"]
[SourceVersion "1"]
[SourceVersionDate "2024.10.14"]
[SourceQuality "1"]
[WhiteTeam "Spain (W)"]
[BlackTeam "Argentina (W)"]
[WhiteTeamCountry "ESP"]
[BlackTeamCountry "ARG"]

1. e4 e5 2. Nf3 Nc6 3. Nc3 Nf6 4. Bb5 Nd4 5. 0-0 Nxb5 6. Nxb5 c6 7. Nc3 d6 8. d4 Qc7 9. Bg5 Be7 10. a4 Bg4 11. Bxf6 Bxf6 12. d5 0-0 13. h3 Bd7 14. Qd3 Rad8 15. a5 c5 16. Rfd1 g6 17. Qc4 Bg7 18. Ra3 Bh6 19. Ne1 f5 20. Nd3 Rc8 21. Nxe5 Bg7 22. Nc6 Bxc3 23. Rxc3 Rce8 24. e5 Bc8 25. exd6 Qxd6 26. Nxa7 Bd7 27. Nb5 Qf6 28. Qxc5 1-0

[Event "Olympiad Women-45"]
[Site "Budapest"]
[Date "2024.09.14"]
[Round "4.6"]
[White "Vega Gutierrez, Sabrina Neide"]
[Black "Nomin Erdene, Davaademberel"]
[Result "1-0"]
[WhiteElo "2374"]
[BlackElo "2319"]
[PlyCount "75"]
[EventDate "2024.09.11"]
[EventType "team-swiss"]
[EventRounds "11"]
[EventCountry "HUN"]
[SourceTitle "EXT 2025"]
[Source "ChessBase"]
[SourceDate "2024.10.14"]
[SourceVersion "1"]
[SourceVersionDate "2024.10.14"]
[SourceQuality "1"]
[WhiteTeam "Spain (W)"]
[BlackTeam "Mongolia (W)"]
[WhiteTeamCountry "ESP"]
[BlackTeamCountry "MGL"]

1. e4 c5 2. Nf3 Nc6 3. d4 cxd4 4. Nxd4 Nf6 5. Nc3 e6 6. Nxc6 bxc6 7. e5 Nd5 8. Ne4 Bb7 9. Be2 c5 10. 0-0 Qc7 11. Nd6+ Bxd6 12. exd6 Qc6 13. f3 e5 14. c4 Nf4 15. Bxf4 exf4 16. Bd3 0-0 17. Bc2 Rae8 18. Qd3 g6 19. Rfe1 Rxe1+ 20. Rxe1 Qb6 21. Qd2 Bc6 22. Be4 Rc8 23. Bxc6 Qxc6 24. Re7 Rf8 25. h4 h5 26. b3 a5 27. Qxf4 a4 28. Kh2 axb3 29. axb3 Qb7 30. Qe3 Qc6 31. Qe5 Rb8 32. Kg3 Ra8 33. Qf6 Rf8 34. Kf4 Kh7 35. Kg5 Qa8 36. Rxf7+ Rxf7 37. Qxf7+ Kh8 38. Kh6 1-0

[Event "ESP-ch Rapid"]
[Site "Mengibar"]
[Date "2024.08.17"]
[Round "6"]
[White "Garcia Gimenez, Santiago"]
[Black "Vega Gutierrez, Sabrina Neide"]
[Result "1-0"]
[WhiteElo "2128"]
[BlackElo "2374"]
[PlyCount "91"]
[EventDate "2024.08.17"]
[EventType "swiss (rapid)"]
[EventRounds "10"]
[EventCountry "ESP"]
[SourceTitle "CBM 221 Extra"]
[Source "ChessBase"]
[SourceDate "2024.09.30"]
[SourceVersion "1"]
[SourceVersionDate "2024.09.30"]
[SourceQuality "1"]

1. e4 c5 2. Nf3 Nc6 3. Bb5 e6 4. 0-0 Nge7 5. Re1 a6 6. Bf1 b6 7. c3 d5 8. e5 d4 9. Na3 Bb7 10. cxd4 cxd4 11. d3 Ng6 12. Bg5 Qd5 13. Nc4 Bc5 14. h4 h5 15. Rc1 b5 16. Nd6+ Bxd6 17. exd6 f6 18. Bd2 Qxd6 19. Qb3 Kf7 20. a4 Nge7 21. axb5 axb5 22. Qxb5 Ba6 23. Qb3 Rhb8 24. Qd1 Rxb2 25. Ng5+ fxg5 26. Qxh5+ Kg8 27. Bxg5 Rf8 28. Qg4 e5 29. Be2 Bc8 30. Qh5 g6 31. Bxe7 Nxe7 32. Qg5 Bf5 33. h5 Nd5 34. Bf3 Nf4 35. Rc6 Qb4 36. Rxe5 Qd2 37. Qg3 Rb1+ 38. Kh2 Kg7 39. Rc7+ Kf6 40. Rec5 Re8 41. R7c6+ Kg7 42. Rxf5 Qe1 43. Rxg6+ Nxg6 44. Qxg6+ Kh8 45. Qh6+ Kg8 46. Rg5+ 1-0

[Event "Valencia Monteolivete op 4th"]
[Site "Valencia"]
[Date "2024.07.19"]
[Round "7"]
[White "Almagro Llamas, Pablo"]
[Black "Vega Gutierrez, Sabrina Neide"]
[Result "1-0"]
[WhiteElo "2425"]
[BlackElo "2371"]
[PlyCount "63"]
[EventDate "2024.07.15"]
[EventType "swiss"]
[EventRounds "9"]
[EventCountry "ESP"]
[SourceTitle "EXT 2025"]
[Source "ChessBase"]
[SourceDate "2024.10.14"]
[SourceVersion "1"]
[SourceVersionDate "2024.10.14"]
[SourceQuality "1"]

1. c4 e6 2. Nf3 Nf6 3. g3 d5 4. Bg2 Be7 5. 0-0 0-0 6. b3 c5 7. e3 Nc6 8. Bb2 b6 9. d3 Bb7 10. Qe2 dxc4 11. dxc4 Nd7 12. Rd1 Qc7 13. Nc3 Rad8 14. h4 Qb8 15. h5 h6 16. Ne1 Nb4 17. a3 Bxg2 18. Nxg2 Nc6 19. Ne4 f5 20. Nf4 fxe4 21. Qg4 Nde5 22. Qxe6+ Rf7 23. Rxd8+ Bxd8 24. Rd1 Bf6 25. Kg2 Qb7 26. Ng6 Nd7 27. Bxf6 gxf6 28. Rd6 Nce5 29. Qe8+ Nf8 30. Rd8 Qc6 31. Ne7+ Rxe7 32. Qxf8+ 1-0

[Event "Valencia Monteolivete op 4th"]
[Site "Valencia"]
[Date "2024.07.17"]
[Round "5"]
[White "Zrikem, Nassim"]
[Black "Vega Gutierrez, Sabrina Neide"]
[Result "1/2-1/2"]
[WhiteElo "2194"]
[BlackElo "2371"]
[PlyCount "87"]
[EventDate "2024.07.15"]
[EventType "swiss"]
[EventRounds "9"]
[EventCountry "ESP"]
[SourceTitle "EXT 2025"]
[Source "ChessBase"]
[SourceDate "2024.10.14"]
[SourceVersion "1"]
[SourceVersionDate "2024.10.14"]
[SourceQuality "1"]

1. d4 d5 2. Nf3 e6 3. e3 Bd6 4. b3 Qe7 5. Bb2 f5 6. c4 c6 7. Nbd2 Nf6 8. Ne5 0-0 9. Be2 a5 10. a3 b6 11. 0-0 Bb7 12. cxd5 cxd5 13. f4 Rc8 14. Rc1 Nc6 15. Nb1 Ne4 16. Bd3 Bxe5 17. fxe5 Ba6 18. Bxa6 Rxa6 19. a4 Raa8 20. Ba3 Nb4 21. Qe2 Qe8 22. Bxb4 axb4 23. Qd3 h6 24. Nd2 Rxc1 25. Rxc1 Rc8 26. Rxc8 Qxc8 27. Nxe4 fxe4 28. Qd1 Qc3 29. Kf2 Kf8 30. h4 Kg8 31. Qg4 Qd2+ 32. Qe2 Qc1 33. Qg4 Qc6 34. h5 Kf8 35. Qf4+ Ke8 36. Qg4 Kf8 37. Qf4+ Kg8 38. Qg4 Kh8 39. Qg6 Qc8 40. Qf7 Qc2+ 41. Kg3 Qxb3 42. Qe8+ Kh7 43. Qg6+ Kh8 44. Qe8+ 1/2-1/2